Westminster [sheet 83] (Record no. 116896)

MARC details
000 -LEADER
fixed length control field 00718cem a22001935a 4500
001 - CONTROL NUMBER
control field L140515
008 - FIXED-LENGTH DATA ELEMENTS--GENERAL INFORMATION
fixed length control field 070926s1873 xxk a 0 eng u
035 ## - SYSTEM CONTROL NUMBER
System control number (Sirsi) u140515
041 0# - LANGUAGE CODE
Language code of text/sound track or separate title eng
110 2# - MAIN ENTRY--CORPORATE NAME
Corporate name or jurisdiction name as entry element Ordnance Survey
9 (RLIN) 1860
245 00 - TITLE STATEMENT
Title Westminster [sheet 83]
Medium [cartographic material]
255 ## - CARTOGRAPHIC MATHEMATICAL DATA
Statement of scale Scale: 1:1056
260 ## - PUBLICATION, DISTRIBUTION, ETC.
Place of publication, distribution, etc. Southampton
Name of publisher, distributor, etc. Ordnance Survey Office
Date of publication, distribution, etc. 1873
300 ## - PHYSICAL DESCRIPTION
Extent 1 map
Other physical details rolled
Dimensions 61 x 91 cm.
500 ## - GENERAL NOTE
General note Surveyed by Colonel Bayly R.E. in 1870, engraved in 1871 under the direction of Colonel Cameron C.B.R.E. at the Ordnance Survey Office, Southampton.
651 4# - SUBJECT ADDED ENTRY--GEOGRAPHIC NAME
Geographic name London
690 ## - LOCAL SUBJECT ADDED ENTRY--TOPICAL TERM (OCLC, RLIN)
Topical term or geographic name as entry element ENVIRONMENTAL AND LAND CONSULTANCY-GEOMATICS-MAPPING AND POSITIONING-CARTOGRAPHY
942 ## - ADDED ENTRY ELEMENTS (KOHA)
Suppress in OPAC 0
Holdings
Withdrawn status Lost status Source of classification or shelving scheme Damaged status Not for loan Home library Current library Shelving location Date acquired Total Checkouts Full call number Barcode Date last seen Copy number Price effective from Koha item type
    Dewey Decimal Classification     Historic collection Historic collection Historic collection 26/09/2007   MAP CABINET DRAWER 5 140515-2001 06/08/2019 1 06/08/2019 Archive